Quiz z "Pieśni Lodu i Ognia" ("Gry o Tron") - Statystyki

Ogólne statystyki
  • Ten quiz został rozwiązany 768 razy
  • Średni wynik to 13 z 15
Statystyki odpowiedzi
Zagadnienie Odpowiedź % Poprawnych
Kto jest autorem cyklu "Pieśni Lodu i Ognia"? George R. R. Martin
100%
Który z zamków był siedzibą rodu Starków? Winterfell
100%
Czym różnił się Tyrion Lannister od większości ludzi? Był karłem.
97%
Jakie jest zawołanie rodu Starków? Nadchodzi zima.
97%
Kto jest ojcem Joffreya Lannistera i jego rodzeństwa? Cersei i Jaime Lannister
94%
Czyim synem jest Jon Snow? Eddarda Starka
94%
Wydarzenie podczas którego zginął Robb Stark to: Krwawe Gody
94%
Jak nazywał się wilkor Aryi? Nymeria
91%
Jak zginął król Robert I Baratheon? Został raniony przez dzika.
88%
Jaką nazwę nosił miecz Brienne z Tarthu, podarowany przez Catelyn Stark? Wierny Przysiędze
85%
Co oznacza zwrot "Valar morghulis"? "Wszyscy muszą umrzeć."
85%
Nazwy siedmiu bóstw to: Ojciec,Matka, Dziewica, Starucha, Kowal, Nieznajomy, Wojownik.
82%
Co stało się z Catelyn Stark po wyżej wymienionym wydarzeniu? Została rozebrana, wrzucona do wody, a potem mimo wszystko udało jej się przeżyć (przy pomocy Berica Dondarriona).
61%
Jak nazywają się smoki Daenerys? Drogon, Rhaegal, Viserion.
58%
Którym lordem Nocnej Straży był Jon Snow? 998
52%
Nie znaleziono quizów pasujących do podanych kryteriów
Rozkład punktacji
Procent ludzi z każdym wynikiem
Percentyl według liczby udzielonych odpowiedzi
Twoja historia wyników
Nie rozwiązałeś tego quizu